Edible plants of the world (Record no. 396063)

MARC details
000 -LEADER
fixed length control field 00490 a2200193 4500
005 - DATE & TIME
control field 20260415114616.0
008 - FIXED-LENGTH DATA ELEMENTS--GENERAL INFORMATION
fixed length control field 260415b |||||||| |||| 00| 0 eng d
020 ## - ISBN
International Standard Book Number 9788198845795
Price Rs. 4995.00
040 ## - CATALOGING SOURCE
Original cataloging agency VIVEKANANDA LIBRARY
082 ## - DDC NUMBER
Classification number 581.63
Book Number S97E
100 ## - MAIN ENTRY--PERSONAL NAME
Personal name Sturtevant, Edward Lewis
245 ## - TITLE STATEMENT
Title Edible plants of the world
260 ## - PUBLICATION, DISTRIBUTION, ETC. (IMPRINT)
Name of publisher, distributor, etc Academic Press
Date of publication, distribution, etc 2026
Place of publication, distribution, etc New Delhi
300 ## - PHYSICAL DESCRIPTION
Pages vii, 561
650 ## - Subject
Subject Botany
650 ## - Subject
Subject Useful Plants
650 ## - Subject
Subject Food Plants
942 ## - ADDED ENTRY ELEMENTS (KOHA)
Koha item type Books
Holdings
Withdrawn status Lost status Source of classification or shelving scheme Damaged status Not for loan Location (home branch) Sublocation or collection (holding branch) Shelving location Date acquired Koha issues (times borrowed) Koha full call number Accession No. Koha date last seen Koha item type
    Dewey Decimal Classification     VIVEKANANDA LIBRARY VIVEKANANDA LIBRARY Vivekananda Library 10/03/2026   581.63 S97E 438666 10/03/2026 Books
© Designed and Maintained by Vivekananda Library, MDU Rohtak